A Critical Evaluation of the European Economic and Monetary Union and Short Outlook to the Application in Small Member States
Dokument poskytuje prehľad o vývoji Európskej menovej únie (EMÚ) a kriticky rozpracúva výhody a nedostatky eurozóny. V kontexte výhľadu možného budúceho vývoja EMÚ, sú v dokumente uvedené ekonomické príležitosti a riziká pre malé členské štáty. Cieľom príspevku je vytvoriť komplexný prehľad literatú...
Salvato in:
| Autore principale: | |
|---|---|
| Altri autori: | , |
| Natura: | Capitolo di libro |
| Lingua: | inglese |
| Soggetti: | |
| Tags: |
Nessun Tag, puoi essere il primo ad aggiungerne!!
|
MARC
| LEADER | 00000naa$a2200000$$$4500 | ||
|---|---|---|---|
| 001 | 0295363 | ||
| 005 | 20240417075241.8 | ||
| 041 | 0 | |a eng | |
| 044 | |a SK | ||
| 245 | 1 | 0 | |a A Critical Evaluation of the European Economic and Monetary Union and Short Outlook to the Application in Small Member States |c Tim Heinze, Berthold Kerberand, Jeremias Nagel |
| 520 | |a Dokument poskytuje prehľad o vývoji Európskej menovej únie (EMÚ) a kriticky rozpracúva výhody a nedostatky eurozóny. V kontexte výhľadu možného budúceho vývoja EMÚ, sú v dokumente uvedené ekonomické príležitosti a riziká pre malé členské štáty. Cieľom príspevku je vytvoriť komplexný prehľad literatúry. Osobitná pozornosť sa venuje heterogenite členských štátov v ekonomických a geopolitických aspektoch. Táto práca vysvetľuje, že EMÚ vedie okrem iného k znižovaniu transakčných nákladov obchodu v rámci Európy. | ||
| 610 | 2 | 0 | |a Európska menová únia |
| 610 | 2 | 0 | |a konvergencia |
| 610 | 2 | 0 | |a oblasti menové |
| 610 | 2 | 0 | |a náklady transakčné |
| 610 | 2 | 0 | |a eurozóna |
| 100 | 1 | |a Heinze, Tim | |
| 700 | 1 | |a Kerberand, Berthold | |
| 700 | 1 | |a Nagel, Jeremias | |